All Major Football Leagues Teams - Statistics

General Stats
  • This quiz has been taken 21 times
  • The average score is 71 of 126
Answer Stats
League Team % Correct
Premier League Arsenal
100%
Premier League Aston Villa
100%
Premier League Chelsea
100%
Premier League Everton
100%
Premier League Liverpool
100%
Premier League Manchester United
100%
Premier League Wolverhampton Wanderers
100%
Premier League Brentford
91%
Premier League Burnley
91%
Premier League Manchester City
91%
Premier League Nottingham Forest
91%
Premier League Tottenham Hotspur
91%
Premier League AFC Bournemouth
82%
LaLiga Atletic Bilbao / Club
82%
LaLiga Barcelona
82%
Bundesligua Borussia Dortmund
82%
Premier League Crystal Palace
82%
MLS Los Angeles Galaxy
82%
Premier League Newcastle United
82%
Ligue 1 Paris Saint-Germain
82%
LaLiga Real Madrid
82%
LaLiga Real Sociedad
82%
Premier League West Ham United
82%
Serie A AC Milan
73%
LaLiga Atlético Madrid
73%
Bundesligua Bayern München
73%
Premier League Brighton & Hove Albion
73%
LaLiga Deportivo Alavés
73%
MLS Inter Miami
73%
Serie A Inter Milan
73%
Serie A Juventus
73%
LaLiga Real Betis
73%
LaLiga Sevilla
73%
Serie A SSC Napoli
73%
Serie A SS Lazio
73%
Premier League Sunderland AFC
73%
Ligue 1 AS Monaco
64%
Serie A AS Roma
64%
MLS Chicago Fire
64%
MLS D.C. United
64%
LaLiga Elche
64%
LaLiga Espanyol
64%
Premier League Fulham
64%
MLS Houston Dynamo
64%
Premier League Leeds United
64%
Ligue 1 LOSC Lille
64%
Ligue 1 Olympique lyonnais
64%
MLS Philadelphia Union
64%
LaLiga Valencia
64%
Bundesligua VfB Stuttgart
64%
Bundesligua VfL Wolfsburg
64%
LaLiga Villarreal
64%
Bundesligua Bayer Leverkusen
55%
Bundesligua Borussia Mönchengladbach
55%
LaLiga Celta Vigo
55%
MLS Colorado Rapids
55%
MLS FC Dallas
55%
Serie A Fiorentina
55%
LaLiga Getafe
55%
LaLiga Girona
55%
Bundesligua Hamburg SV
55%
MLS Los Angeles FC
55%
LaLiga Mallorca
55%
MLS Nashville SC
55%
Ligue 1 Olympique de Marseille
55%
MLS Orlando City SC
55%
Ligue 1 Paris FC
55%
LaLiga Rayo Vallecano
55%
Bundesligua RB Leipzig
55%
MLS Seattle Sounders
55%
MLS Toronto FC
55%
MLS Vancouver Whitecaps
55%
Bundesligua Werder Bremen
55%
MLS Atlanta United
45%
LaLiga Atlético Osasuna
45%
MLS Charlotte FC
45%
MLS Columbus Crew
45%
Serie A Como 1907
45%
Bundesligua Eintracht Frankfurt
45%
Bundesligua Hoffenheim
45%
Bundesligua Koln
45%
LaLiga Levante UD
45%
Bundesligua Mainz 05
45%
Ligue 1 Nantes
45%
MLS New York City FC
45%
MLS New York Red Bulls
45%
Ligue 1 OGC Nice
45%
MLS Portland Timbers
45%
Ligue 1 RC Lens
45%
LaLiga Real Oviedo
45%
MLS Real Salt Lake
45%
Serie A Sassuolo
45%
Ligue 1 Stade Rennais
45%
Ligue 1 Strasbourg
45%
Serie A Torino
45%
Bundesligua Union Berlin
45%
Serie A Atalanta Bergame
36%
MLS Austin FC
36%
Serie A Bologna 1909
36%
Serie A Cagliari Calcio
36%
MLS CF Montréal
36%
Serie A Cremonese
36%
MLS FC Cincinnati
36%
Serie A Genoa
36%
Serie A Hellas Verona
36%
MLS Minnesota United
36%
MLS New England Revolution
36%
MLS San Diego FC
36%
MLS San Jose Earthquakes
36%
MLS Sporting Kansas City
36%
MLS St. Louis City SC
36%
Bundesligua St. Pauli
36%
Ligue 1 AJ Auxerre
27%
Bundesligua Augsburg
27%
Bundesligua Heidenheim 1846
27%
Serie A Pisa
27%
Bundesligua SC Freiburg
27%
Ligue 1 Stade Brestois 29
27%
Ligue 1 Toulouse
27%
Serie A Udinese Calcio
27%
Ligue 1 Le Havre AC
18%
Serie A Parma Calcio
18%
Ligue 1 Lorient
9%
Ligue 1 Metz
9%
Serie A US Lecce
9%
Ligue 1 Angers SCO
0%
No matching quizzes found
Score Distribution
Percent of People with Each Score
Percentile by Number Answered
Your Score History
You have not taken this quiz